000 00865nam a22002055i 4500
001 164887
003 ES-MaACL
005 20230906213027.0
008 050622s1891 xxu |||| | eng d
040 _aCAM
_bspa
_cCAM
100 1 _aSchelling, Felix E.
_9104292
245 1 0 _aPoetic and verse criticism of the reign of Elizabeth /
_cby Felix E. Schelling.
260 _aPhiladelphia ;
_aNew York ;
_aHalle :
_bUniversity of Pennsylvania Press :
_bN.D.C. Hodges :
_bMax Niemeyer,
_c1891.
300 _a97 cm ;
_c23 cm.
490 1 _aPublications of the University of Pennsylvania. Series in Philology, Literature and Archaeology ;
_v1-1
830 0 _aPublications of the University of Pennsylvania. Series in Philology, Literature and Archaeology ;
_v1-1
_9188066
852 _aES-MaACL
_jG-15572
_z-- Enc. hol.
999 _c164887
_d164887